MARC

LEADER 00000nab a2200000 a 4500
001 vtls000897430
003 SK-MaSNL
005 20260305013850.0
008 040720e19980429xo 0 slo
035 |a KE6453 
040 |a KEVKJB  |b slo  |c KEVKJB  |e AACR2 
041 0 |a slo 
044 |a xo  |c SK 
080 |a 027.53:885.0-3:929  |2 1981 
100 1 |a Hriadelová, Miloslava  |4 aut  |9 348764 
245 1 0 |a Inšpirovali ich katastrofy 
600 1 7 |a Šimko, Štefan,  |d 1916-2002  |2 SNK  |9 248359 
600 1 7 |a Babík, Ján,  |d 1946-  |2 SNKMA  |9 189979 
610 2 7 |a Verejná knižnica Jána Bocatia v Košiciach  |2 SNKKA  |9 29554 
650 0 7 |a Hromadné nešťastia, medicína katastrof (kniha)  |2 SNK  |9 1591494 
650 0 7 |a prezentácia kníh  |2 SNK  |9 862333 
650 0 7 |a knižnice  |2 SNKPH  |9 17965 
651 7 |a Košice (Slovensko)  |2 SNKPHgeo  |9 18694 
651 7 |a KE,  |2 KEVKJB  |9 877256 
655 7 |a periodikum  |2 SNKPH  |9 29553 
710 2 |a Verejná knižnica Jána Bocatia v Košiciach  |4 aut  |9 29554 
773 0 8 |t Korzár  |g Roč. 1, č.65, 29.4.1998, s. 3 
852 |a ZVYKNI  |b KIS3GCP 
999 |c 3266341  |d 3268271